Sister of starlit seas / (Record no. 391008)
[ view plain ]
| 000 -LEADER | |
|---|---|
| fixed length control field | 01631pam a2200481 i 4500 |
| 001 - CONTROL NUMBER | |
| control field | 2023035728 |
| 003 - CONTROL NUMBER IDENTIFIER | |
| control field | DLC |
| 005 - DATE AND TIME OF LATEST TRANSACTION | |
| control field | 20231208131505.0 |
| 008 - FIXED-LENGTH DATA ELEMENTS--GENERAL INFORMATION | |
| fixed length control field | 230802s2023 nyub 000 1 eng |
| 010 ## - LIBRARY OF CONGRESS CONTROL NUMBER | |
| LC control number | 2023035728 |
| 020 ## - INTERNATIONAL STANDARD BOOK NUMBER | |
| International Standard Book Number | 9780593129777 |
| Qualifying information | (hbk. ; |
| -- | acid-free paper) |
| 035 ## - SYSTEM CONTROL NUMBER | |
| System control number | (OCoLC)1375186068 |
| 040 ## - CATALOGING SOURCE | |
| Original cataloging agency | DLC |
| Language of cataloging | eng |
| Description conventions | rda |
| Transcribing agency | DLC |
| Modifying agency | TnLvILS |
| 042 ## - AUTHENTICATION CODE | |
| Authentication code | pcc |
| 092 ## - LOCALLY ASSIGNED DEWEY CALL NUMBER (OCLC) | |
| Classification number | Fiction |
| Item number | Brooks |
| 100 1# - MAIN ENTRY--PERSONAL NAME | |
| Personal name | Brooks, Terry, |
| Relator term | author. |
| 245 10 - TITLE STATEMENT | |
| Title | Sister of starlit seas / |
| Statement of responsibility, etc | Terry Brooks. |
| 246 30 - VARYING FORM OF TITLE | |
| Title proper/short title | Starlit seas. |
| 246 3# - VARYING FORM OF TITLE | |
| Title proper/short title | Sister of star-lit seas. |
| 246 3# - VARYING FORM OF TITLE | |
| Title proper/short title | Star-lit seas. |
| 250 ## - EDITION STATEMENT | |
| Edition statement | First edition. |
| 264 #1 - Production, Publication, Distribution, Manufacture, and Copyright Notice. | |
| Place of production, publication, distribution, manufacture | New York : |
| Name of producer, publisher, distributor, manufacturer | Del Rey, |
| Date of production, publication, distribution, manufacture, or copyr | [2023] |
| 300 ## - PHYSICAL DESCRIPTION | |
| Extent | 284 pages : |
| Other physical details | map ; |
| Dimensions | 25 cm. |
| 336 ## - Content Type | |
| Content type term | text |
| 336 ## - Content Type | |
| Content type term | cartographic image |
| 337 ## - Media type | |
| Media type term | unmediated |
| 338 ## - Carrier type | |
| Carrier type term | volume |
| 490 1# - SERIES STATEMENT | |
| Series statement | Viridian deep ; |
| Volume number/sequential designation | 3. |
| 520 ## - SUMMARY, ETC. | |
| Summary, etc | "A rebellious young heroine begins a voyage of self-discovery in the third novel of an epic fantasy series set in the world of Viridian Deep"-- |
| 650 #0 - SUBJECT ADDED ENTRY--TOPICAL TERM | |
| Topical term or geographic name as entry element | Young women |
| Form subdivision | Fiction. |
| 9 (RLIN) | 5674220 |
| 650 #0 - SUBJECT ADDED ENTRY--TOPICAL TERM | |
| Topical term or geographic name as entry element | Self-realization in women |
| Form subdivision | Fiction. |
| 9 (RLIN) | 5683219 |
| 650 #0 - SUBJECT ADDED ENTRY--TOPICAL TERM | |
| Topical term or geographic name as entry element | Imaginary places |
| Form subdivision | Fiction. |
| 9 (RLIN) | 5676147 |
| 650 #0 - SUBJECT ADDED ENTRY--TOPICAL TERM | |
| Topical term or geographic name as entry element | Magic |
| Form subdivision | Fiction. |
| 9 (RLIN) | 5673694 |
| 650 #0 - SUBJECT ADDED ENTRY--TOPICAL TERM | |
| Topical term or geographic name as entry element | Fairies |
| Form subdivision | Fiction. |
| 9 (RLIN) | 5673692 |
| 650 #0 - SUBJECT ADDED ENTRY--TOPICAL TERM | |
| Topical term or geographic name as entry element | Goblins |
| Form subdivision | Fiction. |
| 9 (RLIN) | 5764480 |
| 650 #0 - SUBJECT ADDED ENTRY--TOPICAL TERM | |
| Topical term or geographic name as entry element | Dragons |
| Form subdivision | Fiction. |
| 9 (RLIN) | 5673926 |
| 655 #7 - INDEX TERM--GENRE/FORM | |
| Genre/form data or focus term | Fantasy fiction. |
| Source of term | lcgft. |
| 655 #7 - INDEX TERM--GENRE/FORM | |
| Genre/form data or focus term | Novels. |
| Source of term | lcgft. |
| 760 ## - MAIN SERIES ENTRY | |
| Edition | Viridian deep #3 |
| 800 1# - SERIES ADDED ENTRY--PERSONAL NAME | |
| Personal name | Brooks, Terry. |
| Title of a work | Viridian deep. #3 |
| 9 (RLIN) | 6478256 |
| 907 ## - LOCAL DATA ELEMENT G, LDG (RLIN) | |
| a | .b476611520 |
| 942 ## - ADDED ENTRY ELEMENTS (KOHA) | |
| Source of classification or shelving scheme | Dewey Decimal Classification |
| Koha item type | BOOK |
| Withdrawn status | Lost status | Source of classification or shelving scheme | Damaged status | Not for loan | Collection code | Home library | Current library | Shelving location | Date acquired | Source of acquisition | Serial Enumeration / chronology | Total Checkouts | Total Renewals | Full call number | Barcode | Date last seen | Date checked out | Cost, replacement price | Price effective from | Koha item type |
|---|---|---|---|---|---|---|---|---|---|---|---|---|---|---|---|---|---|---|---|---|
| Dewey Decimal Classification | Fiction | Wasatch County Library | Wasatch County Library | First Floor | 12/08/2023 | Micromarketing | Viridian Deep #3 | 1 | 2 | F Brooks | 34301002049551 | 07/05/2024 | 01/03/2024 | 28.99 | 12/08/2023 | BOOK |
